Green Day songs never played live (as of now) - Statistics

General Stats
  • This quiz has been taken 142 times
  • The average score is 9 of 21
Answer Stats
Album Song % Correct
Insomniac Panic Song
73%
21st Century Breakdown Song of the Century
56%
DOS Nightlife
53%
Insomniac Westbound Sign
49%
Warning Deadbeat Holiday
48%
Kerplunk No One Knows
46%
Nimrod Walking Alone
45%
Father of All... Sugar Youth
44%
Revolution Radio Outlaws
43%
Father of All... I Was a Teenage Teenager
42%
Nimrod Reject
42%
Father of All... Meet Me on the Roof
40%
Father of All... Take the Money and Crawl
40%
Father of All... Junkies on a High
39%
DOS See You Tonight
39%
Father of All... Stab You in the Heart
38%
Revolution Radio Bouncing off the Wall
37%
Revolution Radio Say Goodbye
36%
DOS Baby Eyes
35%
TRE The Forgotten
33%
TRE Sex, Drugs & Violence
28%
No matching quizzes found
Score Distribution
Percent of People with Each Score
Percentile by Number Answered
Your Score History
You have not taken this quiz